Statistics for Favorite Flags Survey(READ DESCRIPTION)

Click here to take the quiz!

General Stats

  • This quiz has been taken 72 times
  • The average score is 6 of 195

Answer Stats

Answer% Correct
Seychelles
24%
USA
20%
Brazil
17%
South Africa
17%
UK
15%
Dominica
13%
Estonia
13%
Japan
13%
Nepal
13%
Bhutan
11%
Canada
11%
Jamaica
11%
Spain
11%
Kazakhstan
9%
Nigeria
9%
Cyprus
7%
Iceland
7%
Mexico
7%
Switzerland
7%
Turkmenistan
7%
Algeria
6%
Argentina
6%
Congo(DR)
6%
France
6%
Germany
6%
Greece
6%
Ireland
6%
Kenya
6%
Kiribati
6%
Libya
6%
Mozambique
6%
Norway
6%
South Korea
6%
South Sudan
6%
St Kitts & Nevis
6%
Sweden
6%
Taiwan
6%
Ukraine
6%
Zimbabwe
6%
Albania
4%
Antigua & Barbuda
4%
Australia
4%
Azerbaijan
4%
Bahamas
4%
Bangladesh
4%
Barbados
4%
Belarus
4%
Belgium
4%
Cape Verde
4%
Central African Republic
4%
Comoros
4%
Congo(Republic of)
4%
Denmark
4%
Dominican Republic
4%
Finland
4%
Gambia
4%
Georgia
4%
Haiti
4%
India
4%
Indonesia
4%
Iraq
4%
Italy
4%
Ivory Coast
4%
Kyrgyzstan
4%
Lebanon
4%
Lithuania
4%
Marshall Islands
4%
Mauritius
4%
Mongolia
4%
Namibia
4%
Nauru
4%
New Zealand
4%
Niger
4%
North Macedonia
4%
Pakistan
4%
Palau
4%
Papua New Guinea
4%
Portugal
4%
Russia
4%
Saudi Arabia
4%
Sierra Leone
4%
Sri Lanka
4%
Turkey
4%
Vanuatu
4%
Andorra
2%
Angola
2%
Belize
2%
Brunei
2%
Burkina Faso
2%
Cambodia
2%
Chile
2%
China
2%
Czech Republic
2%
East Timor
2%
Ecuador
2%
Egypt
2%
Eritrea
2%
Eswatini
2%
Ethiopia
2%
Gabon
2%
Ghana
2%
Guyana
2%
Honduras
2%
Hungary
2%
Israel
2%
Latvia
2%
Liechtenstein
2%
Mali
2%
Monaco
2%
Morocco
2%
Netherlands
2%
Nicaragua
2%
Panama
2%
Philippines
2%
Poland
2%
Rwanda
2%
Samoa
2%
San Marino
2%
Somalia
2%
St Vincent & The Grenadines
2%
Sudan
2%
Tanzania
2%
Thailand
2%
Tonga
2%
Trinidad & Tobago
2%
Uganda
2%
Uzbekistan
2%
Vatican City
2%
Vietnam
2%
Afghanistan
0%
Armenia
0%
Austria
0%
Bahrain
0%
Benin
0%
Bolivia
0%
Bosnia & Herzegovina
0%
Botswana
0%
Bulgaria
0%
Burundi
0%
Cameroon
0%
Chad
0%
Colombia
0%
Costa Rica
0%
Croatia
0%
Cuba
0%
Djibouti
0%
El Salvador
0%
Equatorial Guinea
0%
Fiji
0%
F.S. Micronesia
0%
Grenada
0%
Guatemala
0%
Guinea
0%
Guinea-Bissau
0%
Iran
0%
Jordan
0%
Kuwait
0%
Laos
0%
Lesotho
0%
Liberia
0%
Luxembourg
0%
Madagascar
0%
Malawi
0%
Malaysia
0%
Maldives
0%
Malta
0%
Mauritania
0%
Moldova
0%
Montenegro
0%
Myanmar
0%
North Korea
0%
Oman
0%
Paraguay
0%
Peru
0%
Qatar
0%
Romania
0%
Sao Tome & Principe
0%
Senegal
0%
Serbia
0%
Singapore
0%
Slovakia
0%
Slovenia
0%
Soloman Islands
0%
St Lucia
0%
Suriname
0%
Syria
0%
Tajikistan
0%
Togo
0%
Tunisia
0%
Tuvalu
0%
UAE
0%
Uruguay
0%
Venezuela
0%
Yemen
0%
Zambia
0%

Score Distribution

Percentile by Number Answered

Percent of People with Each Score

Your Score History

You have not taken this quiz